| 000 | 00678cam a22002411 4500 | ||
|---|---|---|---|
| 001 | 4529342 | ||
| 003 | SISC | ||
| 005 | 20160308091036.0 | ||
| 008 | 730410s1956 nju 000 0 eng | ||
| 010 | _a 56005702 | ||
| 040 |
_aDLC _cDLC _dDLC |
||
| 050 | 0 | 0 |
_aPN 81 _b.D3 1956 |
| 082 | 0 | 0 |
_aHS 800 _bD14 1956 |
| 100 | 1 |
_aDaiches, David _d1912-2005. _913696 |
|
| 245 | 1 | 0 |
_aCritical approaches to literature / _cDavid Daiches. |
| 260 |
_aNew York : _bW.W. Norton & Company, Inc, _cc1956. |
||
| 300 |
_a404 p. : _c24 cm. |
||
| 650 | 0 |
_aCriticism. _913697 |
|
| 650 | 0 |
_aPoetry. _93599 |
|
| 906 |
_a7 _bcbc _corignew _du _eocip _f19 _gy-gencatlg |
||
| 942 |
_2lcc _cBK |
||
| 999 |
_c9460 _d9460 |
||